Legislatíva účtovníctva v Európskej únii. 8
Stanovenie percentuálneho podielu pre účastiny. Oceňovanie účastín metódou účtovnej hodnoty a metódou uvedenia do ekvivalencie. Prípustnosť oceňovania účastín vo vybraných krajinách Európskej únie.
Na minha lista:
| Autor principal: | |
|---|---|
| Formato: | Capítulo de Livro |
| Idioma: | eslovaco |
| Assuntos: | |
| Tags: |
Sem tags, seja o primeiro a adicionar uma tag!
|
MARC
| LEADER | 00000naa a2200000 4500 | ||
|---|---|---|---|
| 001 | r018078 | ||
| 005 | 20221205103232.4 | ||
| 041 | 0 | |a slo | |
| 044 | |a SK | ||
| 245 | 1 | 0 | |a Legislatíva účtovníctva v Európskej únii. 8 |c Richard Farkaš |
| 520 | |a Stanovenie percentuálneho podielu pre účastiny. Oceňovanie účastín metódou účtovnej hodnoty a metódou uvedenia do ekvivalencie. Prípustnosť oceňovania účastín vo vybraných krajinách Európskej únie. | ||
| 610 | 2 | 0 | |a účtovníctvo |
| 610 | 2 | 0 | |a legislatíva |
| 610 | 2 | 0 | |a Európska únia |
| 610 | 2 | 0 | |a akcie |
| 610 | 2 | 0 | |a oceňovanie |
| 100 | 1 | |a Farkaš, Richard | |